|
|
|
|
| LEADER |
01146nam a2200313 a 4500 |
| 001 |
41372 |
| 003 |
BD-DhAAL |
| 005 |
20230716164217.0 |
| 008 |
230716t1984 nyua 001 0 eng d |
| 010 |
|
|
|a 83022605
|
| 020 |
|
|
|a 0060439270
|
| 020 |
|
|
|a 0063504251 (Harper international ed.)
|
| 040 |
|
|
|a DLC
|c DLC
|d DLC
|d BD-DhAAL
|
| 050 |
0 |
0 |
|a HB171.5
|b .L733 1984
|
| 082 |
0 |
0 |
|a 330
|2 23
|
| 100 |
1 |
|
|a Lipsey, Richard G.,
|d 1928-
|9 55106
|
| 245 |
1 |
0 |
|a Economics /
|c Richard G. Lipsey, Peter O. Steiner, Douglas D. Purvis.
|
| 250 |
|
|
|a Seventh edition.
|
| 260 |
|
|
|a New York :
|b Harper & Row,
|c c1984.
|
| 300 |
|
|
|a xxxii, 981 pages :
|b illustrations (some colors) ;
|c 24 cm.
|
| 500 |
|
|
|a Includes index.
|
| 541 |
|
|
|a Donated By Akbar Ali Khan
|e 41372
|
| 650 |
|
0 |
|a Economics.
|
| 700 |
1 |
|
|a Steiner, Peter Otto,
|d 1922-
|9 55107
|
| 700 |
1 |
|
|a Purvis, Douglas D.
|9 55108
|
| 852 |
|
|
|a Ayesha Abed Library
|c Akbar Ali Khan Collection
|
| 942 |
|
|
|2 ddc
|c BK
|
| 999 |
|
|
|c 45993
|d 45993
|
| 952 |
|
|
|0 0
|1 0
|2 ddc
|4 0
|6 330_000000000000000_LIP
|7 1
|9 74082
|a BRACUL
|b BRACUL
|c AAKC
|d 2023-07-16
|e Donated By Akbar Ali Khan
|l 0
|o 330 LIP
|p 3010041372
|r 2023-07-16
|t 1
|w 2023-07-16
|y BK
|